Statistics for Countries that start with MO

Click here to take the quiz!

General Stats

  • This quiz has been taken 27 times
  • The average score is 5 of 6

Answer Stats

Answer% Correct
Mongolia
92%
Mozambique
92%
Monaco
75%
Montenegro
71%
Moldova
67%
Morocco
67%

Score Distribution

Percentile by Number Answered

Percent of People with Each Score

Your Score History

You have not taken this quiz